000 00573nam a2200205Ia 4500
008 191130s2009##################000#0#eng##
020 _a9780521718936
040 _aACL
_cACL
082 _a005.1 DAW
100 _aDawson, David
245 _aVCE software development
_cDavid Dawson,Andrew Meyenn
260 _aCambridge
_bCambridge University Press
_c2009
300 _aiv,122p. :ill
650 _aComputer science
650 _aProgramming Language
700 _aMeyenn, Andrew
990 _a39e10281ac10000c0226af6490fffd9f
991 _a24548
999 _c88226
_d88226